Statistics for NBA Player to College

Click here to take the quiz!

General Stats

  • This quiz has been taken 35 times
  • The average score is 11 of 16

Answer Stats

HintAnswer% Correct
Zion WilliamsonDuke
100%
Michael JordanNorth Carolina
100%
Julius RandleKentucky
97%
Kevin DurantTexas
97%
Hakeem OlajuwonHouston
83%
Allen IversonGeorgetown
77%
Pete MaravichLSU
73%
Ray AllenConnecticut
70%
Mikal BridgesVillanova
70%
Norman PowellUCLA
67%
Morris PetersonMichigan State
57%
Patrick BeverleyArkansas
50%
Michael ReddOhio State
43%
Alex EnglishSouth Carolina
33%
Jeff HornacekIowa State
27%
Orlando WoolridgeNotre Dame
10%

Score Distribution

Percentile by Number Answered

Percent of People with Each Score

Your Score History

You have not taken this quiz